000 01187nam a2200325 i 4500
003 EG-GICUC
005 20260121101206.0
008 251110b1992 ua ||||fr|||| 00| 0 ara d
017 _a1992/8866
020 _a977105661
040 _a EG-GICUC
_bara
_c EG-GICUC
_d EG-GICUC
_erda
041 0 _aara
082 0 4 _221
_a345
_bم ح . و
092 0 4 _221
099 _aLaw1 07 345 م ح . و 2 ed - 1992
100 0 _aمحمود عاطف البنا
_eمؤلف.
245 1 2 _aالوسيط في القانون الإداري /
_cالدكتور محمود عاطف البنا.
250 _aالطبعة الثانية
264 1 _aالقاهرة :
_bدار الفكر العربي،
_c1992.
300 _a542 ؛صفحة
_c24 سم.
336 _2rda content
_atext
337 _2rda media
_aComputer
338 _2rda carrier
_aOnline Resource
504 _aيشتمل على إرجاعات ببليوغرافية.
546 _aالنص أغلبه باللغة العربية مع بعض النصوص الإنجليزية
650 1 4 _aالقانون الإداري
856 4 0 _uhttps://fll.law.cu.edu.eg/fulltext/bks/B07-00441pdf
905 _a32
942 _2ddc
_cBK
_e21
_n0
999 _c42318
_d42318